000 01392nam a22002897a 4500
003 OSt
005 20210225140112.0
008 210225s2019 ck a|||er|||| 00| 0dspa d
020 _a9789585481657
040 _aCO-JMCR
_cCO-JMCR
041 0 _aspa
082 0 4 _aN /
_bGUEr
_223
100 1 _aGuerrero Melo, Germán Rodrigo,
_eautor
_913940
245 1 4 _aLas ruinas del extranjero /
_cRodrigo Guerrero
250 _aPrimera edición
260 _aBogotá :
_bCalixta Editores,
_c2019
300 _a137 páginas :
_bilustraciones a blanco y negro ;
_c21 cm.
490 0 _aMelquiades
500 _aIncluye fotografía y datos biográficos del autor.
520 3 _aLas ruinas del extranjero nos presenta un lugar que ya no existe. Un hombre tras las huellas de su padre, que se ha convertido en un rastro borrado por el tiempo. Recuerdos sin final, memorias imprecisas entre el delirio, la imaginación y la realidad. Pensamientos y reflexiones de un ser perdido, enfermo e invisible entre los resquicios de la existencia, aplastado por el paso del tiempo, la incomprensión y el mundo contemporáneo.
650 1 4 _aNovela colombiana
_ySiglo XXI
_910010
650 1 4 _aLiteratura colombiana
_ySiglo XXI
_913941
650 2 4 _aRecuerdos en la literatura
_913942
650 2 4 _aViajes en la literatura
_910007
650 2 4 _aImaginación en la literatura
_913943
942 _2ddc
_cBK
999 _c7328
_d7328